000 00361nam a2200157Ia 4500
003 Ost
005 20260225132558.0
008 260225s9999||||xx |||||||||||||| ||und||
040 _cfsic
041 _afre
082 _a302.23
100 _aBruno etienne
_eAuteur
245 0 _aL'algerie cultures et revolution /
245 0 _cBruno etienne
942 _cكتاب
999 _c34592
_d34592